[Event "TCh-HUN 2011-12"]
[Site "Kecskemet HUN"]
[Date "2012.05.06"]
[Round "10"]
[White "Sarosi,Z"]
[Black "Papp,Ga"]
[Result "0-1"]
[WhiteElo "2297"]
[BlackElo "2551"]

1.d4 Nf6 2.c4 e6 3.Nf3 b6 4.g3 Ba6 5.b3 Bb4+ 6.Bd2 Be7 7.Bg2 c6 8.Bc3 d5
9.Nbd2 Nbd7 10.O-O O-O 11.cxd5 cxd5 12.Bb2 Rc8 13.Re1 b5 14.a3 Bb7 15.Rc1 a5
16.Ne5 Nxe5 17.dxe5 Nd7 18.Nf3 Qb6 19.Qd2 b4 20.a4 Ba6 21.Bd4 Qb8 22.Qe3 Rfe8
23.Bf1 h6 24.h4 Bf8 25.h5 Rxc1 26.Rxc1 Rc8 27.Qd2 Rc7 28.e3 Bxf1 29.Kxf1 Qc8
30.Rxc7 Qxc7 31.Kg2 Be7 32.Qd3 Qc6 33.Kh2 Bd8 34.Kg2 Bc7 35.Kh2 Qb7 36.Qc2 Qb8
37.Qb2 f6 38.exf6 e5 39.fxg7 exd4 40.Qxd4 Qe8 41.Qxd5+ Qf7 42.Qxf7+ Kxf7
43.Nd4 Bb6 44.Nf5 Nc5 45.Nxh6+ Kxg7 46.Nf5+ Kf6 47.Nd4 Nxa4 48.Nf3 Nc5 49.g4 Ne4
50.h6 Nxf2 51.g5+ Kg6 52.Ne5+ Kh7 53.Kg2 Ne4 54.Nd7 a4 55.Nf8+ Kg8 56.h7+ Kh8  0-1

[Event "Torneio Nacional de Mestres 2012"]
[Site "Lisbon POR"]
[Date "2012.05.06"]
[Round "9.3"]
[White "Carneiro,C"]
[Black "Andrade,Jo"]
[Result "1/2-1/2"]
[WhiteElo "2257"]
[BlackElo "2251"]

1.d4 Nf6 2.c4 e6 3.Nf3 b6 4.g3 Ba6 5.b3 Bb4+ 6.Bd2 Be7 7.Bg2 c6 8.O-O d5
9.Bf4 O-O 10.Nc3 Nbd7 11.cxd5 cxd5 12.a4 Rc8 13.Nb5 Ne4 14.Bd2 Bxb5 15.axb5 Nd6
16.Bb4 Nxb5 17.Bxe7 Qxe7 18.Qd3 Na3 19.b4 Nc4 20.Rxa7 Qd6 21.Rfa1 h6 22.e3 Nb8
23.b5 Nd7 24.Ne1 Na5 25.e4 dxe4 26.Bxe4 Rfd8 27.Rd1 Nf6 28.Bg2 Qb4 29.Nf3 Nc4
30.Rb1 Qd6 31.Qe2 Nd5 32.Ne5 Nc3 33.Qh5 Nxe5 34.dxe5 Qf8 35.Rb3 Rd1+ 36.Bf1 Rc1
37.Kg2 Ra8 38.Rb7 Raa1 39.Bd3 Nd5 40.Be4 Nc3 41.Bc6 Ra2 42.Rd7 Rcc2 43.Rxc3 Rxc3
44.Qd1 Qb4 45.Rd4 Qc5 46.Be4 g5 47.h4 Rc4 48.Rd8+ Kg7 49.Qf3 Qxe5 50.Bb1 Ra1
51.Qd3 Rxb1 52.Qxc4 Rxb5 53.hxg5 hxg5 54.Qc8 Qe4+ 55.Kh2 Qh7+ 56.Kg2 g4 57.Qc3+ e5
58.Rd1 Qe4+ 59.Kg1 Rb1 60.Rxb1 Qxb1+ 61.Kh2 Qh7+ 62.Kg1 Qe4 63.Qd2 Qf5 64.Qb4 Qe6
65.Qd2 Kg6 66.Qd8 f5 67.Qb8 e4 68.Kg2 Qc6 69.Qg8+ Kf6 70.Kh2 Ke5 71.Qg7+ Ke6
72.Qf8 Qd7 73.Qb4 b5 74.Kg2 Qc6 75.Kg1 Qc4 76.Qf8 Ke5 77.Qg7+ Kd5 78.Qf7+ Ke5
79.Qg7+ Kd6 80.Qf8+ Ke6 81.Qg8+ Kd7 82.Qh7+ Kd6 83.Qxf5 Qe6 84.Qxb5 Ke7 85.Qg5+ Kd7
86.Qg7+ Kc6 87.Qd4 Qf5 88.Kf1 Qf3 89.Ke1 Qf5 90.Kd2 Qf3 91.Qe3 Kd5 92.Qb6 Kc4
93.Qc7+ Kd5 94.Qd8+ Kc4 95.Qc7+  1/2-1/2

[Event "30th Liechtenstein Open 2012"]
[Site "Triesen LIE"]
[Date "2012.05.13"]
[Round "3.4"]
[White "Kelecevic,N"]
[Black "Dgebuadze,A"]
[Result "0-1"]
[WhiteElo "2260"]
[BlackElo "2558"]

1.d4 Nf6 2.c4 e6 3.Nf3 b6 4.g3 Ba6 5.b3 Bb4+ 6.Bd2 Be7 7.Bg2 d5 8.Ne5 O-O
9.O-O Bb7 10.Bc3 Qc8 11.Nd2 dxc4 12.Bxb7 Qxb7 13.Nexc4 Nc6 14.Nf3 b5 15.Ncd2 Rfd8
16.Qc2 Nb4 17.Qb1 a5 18.a3 Nbd5 19.Bb2 Rac8 20.Ne4 Qb6 21.Neg5 h6 22.Nxf7 Kxf7
23.e4 Kg8 24.exd5 exd5 25.Qf5 Ne4 26.Ne5 Qf6 27.Qxf6 Bxf6 28.Nc6 Rd6 29.Nxa5 Ra6
30.f3 Ng5 31.b4 c5 32.Rac1 c4 33.Kg2 Re6 34.Rc2 Re3 35.Nb7 Ne6 36.Rd1 c3
37.Nd6 Nxd4 38.Nxc8 Nxc2 39.Bc1 Re1  0-1

[Event "ch-CZE 2012"]
[Site "Kouty nad Desnou CZE"]
[Date "2012.05.15"]
[Round "4"]
[White "Voloshin,L"]
[Black "Cvek,R"]
[Result "0-1"]
[WhiteElo "2434"]
[BlackElo "2563"]

1.d4 Nf6 2.Nf3 e6 3.c4 b6 4.g3 Ba6 5.Qb3 Nc6 6.Nbd2 Na5 7.Qc3 c5 8.dxc5 bxc5
9.Bg2 Bb7 10.O-O Be7 11.b3 O-O 12.Bb2 d6 13.Rfd1 Qb6 14.Qc2 h6 15.Nb1 Nc6
16.Nc3 Nb4 17.Qd2 Rfd8 18.Ne1 a6 19.Bxb7 Qxb7 20.Nc2 d5 21.cxd5 Nfxd5 22.Nxd5 Rxd5
23.Qc1 Rxd1+ 24.Qxd1 Rd8 25.Qc1 Bg5 26.Ne3 Qb5 27.Qe1 Bxe3 28.fxe3 f6 29.a4 Qc6
30.Rd1 Rxd1 31.Qxd1 Qe4 32.Kf2 Qf5+ 33.Kg1 Qe4 34.Kf2 Nd5 35.Qd3 Qh1 36.e4 Qxh2+
37.Kf3 Qh1+ 38.Kf2 Nb4 39.Qc4 Kf7 40.Ba3 Nc6 41.Bb2 a5 42.Bc3 Qh2+ 43.Kf3 Qg1
44.Kg4 h5+ 45.Kf3 Nd4+ 46.Bxd4 cxd4 47.e3 Qxe3+ 48.Kg2 d3 49.Qc7+ Kg6 50.Qd7 Qe2+
51.Kh3 d2 52.Qe8+ Kh7  0-1

[Event "ch-CZE 2012"]
[Site "Kouty nad Desnou CZE"]
[Date "2012.05.19"]
[Round "8"]
[White "Polak,T"]
[Black "Babula,V"]
[Result "0-1"]
[WhiteElo "2514"]
[BlackElo "2563"]

1.d4 Nf6 2.c4 e6 3.Nf3 b6 4.g3 Ba6 5.b3 d5 6.cxd5 exd5 7.Bg2 Bb4+ 8.Bd2 Bxd2+
9.Qxd2 Ne4 10.Qb2 O-O 11.O-O Re8 12.Re1 c5 13.dxc5 Nc6 14.Nfd2 Nxc5 15.Nc3 Qf6
16.b4 Nd4 17.Rab1 Nxe2+ 18.Rxe2 Nd3 19.Nde4 dxe4 20.Qa3 Bb7 21.Nxe4 Bxe4
22.Bxe4 Nf4 23.gxf4 Rxe4 24.Qf3 Rae8 25.Rbe1 Rxe2 26.Rxe2 Rd8 27.Kg2 h6 28.Re4 Qg6+
29.Kh3 f5 30.Re3 Kh7 31.Qg3 Qf7 32.a3 Rd6 33.Qh4 Qc4 34.Kg2 Qc6+ 35.Kh3 Qh1
36.Qh5 Qf1+ 37.Kg3 Rg6+ 38.Kf3 Qd1+  0-1

[Event "TCh-HUN 2011-12"]
[Site "Nagykanizsa HUN"]
[Date "2012.05.20"]
[Round "11"]
[White "Berczes,D"]
[Black "Varasdy,I"]
[Result "1-0"]
[WhiteElo "2557"]
[BlackElo "2337"]

1.d4 Nf6 2.c4 e6 3.Nf3 b6 4.g3 Ba6 5.Qb3 Bb7 6.Nc3 c5 7.d5 exd5 8.cxd5 d6
9.Bg2 Nbd7 10.O-O a6 11.a4 Qc7 12.Nd2 Be7 13.Nc4 O-O 14.e4 Rab8 15.f4 Ba8
16.Kh1 b5 17.axb5 axb5 18.Nxb5 Qb7 19.Ra5 Ne8 20.Qc2 Bd8 21.Nbxd6 Nxd6 22.Nxd6 Qc7
23.Nc4 Qc8 24.Ra7  1-0

[Event "50th ch-IND Challengers 2012"]
[Site "Tirupati IND"]
[Date "2012.05.24"]
[Round "9.17"]
[White "Singh,SV"]
[Black "Sangma,R"]
[Result "1/2-1/2"]
[WhiteElo "2225"]
[BlackElo "2327"]

1.d4 Nf6 2.c4 e6 3.Nf3 b6 4.g3 Ba6 5.Qc2 c5 6.d5 exd5 7.cxd5 Bb7 8.Bg2 Nxd5
9.a3 Be7 10.O-O Nc6 11.Rd1 Nc7 12.Nc3 O-O 13.e4 Ne6 14.Be3 Bf6 15.Rd2 Ne5
16.Nxe5 Bxe5 17.Ne2 Ba6 18.Qa4 Bxe2 19.Rxe2 Qc7 20.Kh1 Bd4 21.Rd1 Bxe3 22.Rxd7 b5
23.Qxb5 Nd4 24.Rxc7 Nxb5 25.Rb7 Nd6 26.Rd7 Rad8 27.Rxd8 Rxd8 28.Rxe3 Nc4
29.Rc3 Rd1+ 30.Bf1 Nd2 31.Rd3 Nxe4 32.Kg2 Rxd3 33.Bxd3 Nd6 34.Kf3 h6 35.Ke3 a5
36.Kd2 Nc8 37.Ke3 Nd6 38.Ba6 Kf8 39.Kd3 Ke7 40.Bc4 Kf6 41.Bd5 Ke7 42.Kc3 Kd7
43.h3 g5 44.Kd3 Ke7 45.Kc3 Kd7 46.Kd3 f5 47.h4 Ke7 48.hxg5 hxg5 49.f3 Kd8
50.Be6 Kc7 51.Kc3 Kc6 52.a4 Kc7 53.Kd3 Kd8 54.Bd5 Ke7 55.f4 g4 56.b3 Kd7
57.Ke2 Ne8 58.Bc4 Nf6 59.Kf2 Ne4+ 60.Kg2 Kd6 61.Kh2 Nd2 62.Kg2 Ke7 63.Kh2 Kd6
64.Kg2 Ke7  1/2-1/2

[Event "Vlado Andriusaicio Rapid A 2012"]
[Site "Vilnius LTU"]
[Date "2012.05.26"]
[Round "5"]
[White "Laurusas,T"]
[Black "Zagorskis,D"]
[Result "1/2-1/2"]
[WhiteElo "2410"]
[BlackElo "2493"]

1.d4 Nf6 2.c4 e6 3.Nf3 b6 4.g3 Ba6 5.Qa4 Bb7 6.Bg2 c5 7.dxc5 bxc5 8.O-O Be7
9.Rd1 O-O 10.Nc3 Qb6 11.Bf4 Rd8 12.Rd2 Bc6 13.Qc2 Ne8 14.e4 d6 15.Rad1 Nd7
16.a3 Rac8 17.Be3 Qb8 18.Rb1 Bf6 19.Re1 Bxc3 20.bxc3 Qa8 21.Ng5 h6 22.Nh3 Ne5
23.Rdd1 Nxc4 24.Bc1 Nb6 25.Qe2 d5 26.e5 d4 27.Bxc6 Qxc6 28.cxd4 Rxd4 29.Rxd4 cxd4
30.Qg4 Qc3 31.Rd1 d3 32.Bxh6 Qxe5 33.Rxd3 f5 34.Qg6 Qe1+ 35.Kg2 Qe4+ 36.Rf3 Nd5
37.Bd2 Ne7 38.Qg5 Nf6 39.Qe3 Ned5 40.Qxa7 Nh7 41.Qd7 Ra8 42.a4 Ndf6 43.Qd3 Rxa4
44.Qd8+ Kf7 45.Qc7+ Kg8 46.Qd8+ Kf7 47.Qc7+ Kg8 48.Qd8+  1/2-1/2

[Event "Albena Masters Open 2012"]
[Site "Albena BUL"]
[Date "2012.06.01"]
[Round "7.14"]
[White "Thejkumar,M"]
[Black "Emiroglu,C"]
[Result "1-0"]
[WhiteElo "2450"]
[BlackElo "2253"]

1.d4 Nf6 2.Nf3 e6 3.c4 b6 4.g3 Ba6 5.Qc2 Bb7 6.Bg2 c5 7.d5 exd5 8.cxd5 Nxd5
9.O-O Be7 10.Ne5 Qc7 11.Qe4 Bc6 12.Nxc6 dxc6 13.Nc3 Nxc3 14.bxc3 O-O 15.Rd1 Bf6
16.Bf4 Qc8 17.Rd3 Re8 18.Qf3 Qe6 19.Re3 Qd7 20.Rxe8+ Qxe8 21.Rd1 a5 22.a4 Ra7
23.c4 Re7 24.Rb1 Qd8 25.Qb3 Rb7 26.Rd1 Qc8 27.Qf3 Re7 28.Qg4 Re8 29.Qxc8 Rxc8
30.Bh3 Re8 31.Rb1 g5 32.Bd6 Na6 33.Rxb6 Nb4 34.Bxc5 Re4 35.Rb8+ Kg7  1-0

[Event "Albena Masters Open 2012"]
[Site "Albena BUL"]
[Date "2012.06.03"]
[Round "9.8"]
[White "Thejkumar,M"]
[Black "Carlsson,P"]
[Result "1-0"]
[WhiteElo "2450"]
[BlackElo "2531"]

1.d4 Nf6 2.Nf3 e6 3.c4 b6 4.g3 Ba6 5.Qc2 Bb4+ 6.Bd2 Be7 7.Bg2 O-O 8.O-O c6
9.Rd1 d5 10.Ne5 Nfd7 11.Nxd7 Qxd7 12.b3 dxc4 13.Be1 cxb3 14.axb3 Bb7 15.Na3 Qc8
16.Nc4 c5 17.Bxb7 Qxb7 18.dxc5 bxc5 19.Na5 Qc8 20.Qe4 Nd7 21.Nc6 Bf6 22.Rac1 Kh8
23.b4 Qb7 24.Qf3 cxb4 25.Bxb4 Rfc8 26.Ba5 Nb6  1-0

[Event "11th TCh-BIH Premier"]
[Site "Jahorina BIH"]
[Date "2012.06.04"]
[Round "3.5"]
[White "Miskovic,I"]
[Black "Kovacevic,A"]
[Result "1-0"]
[WhiteElo "2186"]
[BlackElo "2557"]

1.d4 Nf6 2.c4 e6 3.Nf3 b6 4.g3 Ba6 5.Qc2 c5 6.dxc5 bxc5 7.Bg2 Nc6 8.O-O Be7
9.Bg5 O-O 10.Nbd2 h6 11.Bxf6 Bxf6 12.Ne4 Be7 13.b3 f5 14.Nc3 Bf6 15.Rac1 Qa5
16.Na4 Rac8 17.Rfd1 Rfd8 18.e3 d6 19.Ne1 Qc7 20.Rd2 Bb7 21.Qd1 Rb8 22.Nd3 g5
23.Qh5 Bg7 24.Rcd1 Qe7 25.Qg6 Ba8 26.Bxc6 Bxc6 27.Ndxc5 Bf3 28.Nxe6 Bxd1
29.Nxd8 Bg4 30.Nc6  1-0

[Event "11th TCh-BIH Premier"]
[Site "Jahorina BIH"]
[Date "2012.06.06"]
[Round "5.3"]
[White "Stojanovic,Do"]
[Black "Kurajica,B"]
[Result "0-1"]
[WhiteElo "2350"]
[BlackElo "2556"]

1.d4 Nf6 2.c4 e6 3.Nf3 b6 4.g3 Ba6 5.Qc2 c5 6.Bg2 Nc6 7.dxc5 Bxc5 8.O-O O-O
9.a3 Be7 10.b4 Bb7 11.Bb2 Rc8 12.Rd1 Qc7 13.Nbd2 h6 14.e4 d6 15.h3 Qb8 16.Rac1 Qa8
17.Qd3 Nd7 18.Qe2 a5 19.b5 Nce5 20.Nxe5 Nxe5 21.f4 Nd7 22.Nb3 e5 23.a4 Rc7
24.Ba3 exf4 25.gxf4 Re8 26.Nd4 Bf8 27.Re1 Nf6 28.Nc6 Bxc6 29.bxc6 Qxc6 30.e5 Qxa4
31.Ra1 Qb3 32.Qf2 dxe5 33.Bxf8 Rxf8 34.fxe5 Nd7 35.Bd5 Qxh3 36.Re3 Qg4+ 37.Rg3 Qh5
38.Re1 Kh8 39.Qf4 Nc5 40.Bf3 Ne6 41.Qe4 f5 42.exf6 Qc5+ 43.Kh1 Rxf6 44.Qg4 Qxc4
45.Qxc4 Rxc4 46.Bd5 Rh4+ 47.Kg1 Ng5 48.Re8+ Kh7 49.Kg2 Rd4 50.Rd8 Ne6 51.Rd7 Rxd5  0-1

[Event "4th Rheinland-Pfalz Open 2012"]
[Site "Altenkirchen GER"]
[Date "2012.06.10"]
[Round "7.12"]
[White "Lutz,B"]
[Black "Lindberg,Be"]
[Result "1-0"]
[WhiteElo "2289"]
[BlackElo "2413"]

1.d4 Nf6 2.c4 e6 3.Nf3 b6 4.g3 Ba6 5.Qc2 Bb4+ 6.Bd2 Be7 7.e4 d5 8.cxd5 Bxf1
9.Kxf1 exd5 10.e5 Ne4 11.Nc3 Nxc3 12.bxc3 Qd7 13.Kg2 Nc6 14.Rhe1 Nd8 15.e6 fxe6
16.Ne5 Qc8 17.c4 dxc4 18.Qa4+ c6 19.Bb4 b5 20.Qa3 Qb7 21.Bxe7 Qxe7 22.Qf3 Qf6
23.Qh5+ g6 24.Qh6 Nf7 25.Nxf7 Qxf7 26.Re5 Rd8 27.Rae1 Rd6 28.R1e4 Kd8 29.a4 a6
30.Qd2 Kc8 31.Qa5 Qb7 32.Rxe6 Rxe6 33.Rxe6 Kb8 34.d5 Rc8 35.d6 c5+ 36.Kg1 Qc6
37.axb5 Qxb5 38.Qa1 Rd8 39.d7 Ka7 40.Qf6 Rxd7 41.h4 Qb7 42.Qa1 Rd3 43.Kh2 Rf3
44.Qe1 Rf7 45.Qe3 Qd5 46.Kg1 Rb7 47.Kh2 Qd4 48.Qf3 c3 49.Qe2 Qa4 50.Qe3 Qd4
51.Qe2 c4 52.Qa2 Rb6 53.Re7+ Kb8 54.Qe2 Rd6 55.Qf3 Rd7 56.Re8+ Kc7 57.Re4 Qd5
58.Qf4+ Kb7 59.Rxc4 Rf7 60.Rb4+ Kc6 61.Qe3 Rc7 62.Qxc3+ Kd7 63.Qg7+ Kc6 64.Qf6+  1-0

[Event "4th Rheinland-Pfalz Open 2012"]
[Site "Altenkirchen GER"]
[Date "2012.06.10"]
[Round "7.13"]
[White "Johansson,Th2"]
[Black "Khanukov,B"]
[Result "1-0"]
[WhiteElo "2193"]
[BlackElo "2363"]

1.d4 Nf6 2.c4 e6 3.Nf3 b6 4.g3 Ba6 5.Qc2 c6 6.Bg2 d5 7.Ne5 Nfd7 8.cxd5 cxd5
9.f4 Bb4+ 10.Bd2 Qe7 11.a3 Bxd2+ 12.Qxd2 O-O 13.Nc3 Nxe5 14.fxe5 Nc6 15.O-O Na5
16.Rad1 Rac8 17.Rf4 Bc4 18.e4 Bb3 19.Rdf1 Nc4 20.Qc1 dxe4 21.Bxe4 h6 22.Bd3 Na5
23.Rg4 f5 24.Qxh6 Bc4 25.Bxc4 Nxc4 26.Rg6 Nxb2 27.Rf4 Rf7 28.Rh4 Qxh4 29.Qxh4 Rxc3
30.Rxe6 Rc8 31.Rd6 Nd3 32.Rd8+ Rxd8 33.Qxd8+ Rf8 34.Qc7 Kh7 35.e6 Rf6 36.Qc4 Ne1
37.Qe2  1-0

[Event "5th Karen Asrian Memorial"]
[Site "Jermuk ARM"]
[Date "2012.06.17"]
[Round "2.18"]
[White "Matnadze,A"]
[Black "Tamazyan,H"]
[Result "1-0"]
[WhiteElo "2446"]
[BlackElo "2169"]

1.d4 Nf6 2.Nf3 e6 3.c4 b6 4.g3 Ba6 5.Nbd2 Bb7 6.Bg2 c5 7.d5 exd5 8.Nh4 Be7
9.cxd5 Bxd5 10.e4 Bc6 11.O-O d6 12.Nc4 d5 13.exd5 Bxd5 14.Nf5 Bxg2 15.Kxg2 Kf8
16.Qf3 Qd5 17.Qxd5 Nxd5 18.Rd1 Nf6 19.Ne5 a6 20.a4 Ra7 21.Bf4 h6 22.b4 g5
23.Be3 Nfd7 24.Nxd7+ Nxd7 25.a5 f6 26.axb6 Rb7 27.bxc5 Nb8 28.Nd6 Rd7 29.Nf5 Rb7
30.c6 Nxc6 31.Rac1 Nd8 32.Rc7 Rh7 33.Nxe7  1-0

[Event "NIKI Open 2012"]
[Site "Nachod CZE"]
[Date "2012.06.30"]
[Round "1.17"]
[White "Burdilak,M"]
[Black "Horak,Ji1"]
[Result "0-1"]
[WhiteElo "1777"]
[BlackElo "2185"]

1.d4 Nf6 2.c4 e6 3.Nf3 b6 4.g3 Ba6 5.Bg2 Bxc4 6.Bg5 Bd5 7.Nc3 Bb4 8.O-O Bxc3
9.bxc3 h6 10.Bxf6 Qxf6 11.Qc2 Qf5 12.Qxf5 exf5 13.Rfe1 O-O 14.c4 Be4 15.Nd2 Bxg2
16.Kxg2 Nc6 17.e3 Rfe8  0-1

[Event "Perla Baltyku Open 2012"]
[Site "Lazy POL"]
[Date "2012.07.01"]
[Round "2.10"]
[White "Mulet,P"]
[Black "Harazinska,Ewa"]
[Result "0-1"]
[WhiteElo "2282"]
[BlackElo "1933"]

1.d4 Nf6 2.c4 e6 3.Nf3 b6 4.g3 Ba6 5.Nbd2 d5 6.Bg2 Be7 7.Ne5 O-O 8.O-O c5
9.e3 Qc7 10.b3 Nbd7 11.Bb2 Nxe5 12.dxe5 Nd7 13.f4 dxc4 14.Bxa8 c3 15.Bxc3 Bxf1
16.Be4 Ba6 17.Qh5 g6 18.Qf3 c4 19.bxc4 Bxc4 20.Bd4 Bb4 21.Nxc4 Qxc4 22.Qf1 Qxf1+
23.Kxf1 Nc5 24.Bc2 Rc8 25.Ke2 Nb7 26.Bd3 Na5 27.g4 Ba3 28.Kd2 Nc4+ 29.Ke2 Nb2
30.Rb1 Na4 31.Rb3 Be7 32.Kd1 Bc5 33.Bc2 Bxd4 34.exd4 Rc4 35.Kd2 Rxd4+ 36.Ke3 Rc4
37.Bd3 Rc3 38.Kd4 Rc1 39.Bb5 Nc5 40.Rb2 a6 41.Be2 b5 42.Rd2 Na4 43.Bd3 Nb6
44.f5 Rg1 45.Kc5 Na4+ 46.Kd6 Rxg4 47.f6 Rd4+ 48.Ke7 Nc3 49.h4 Nd5+ 50.Ke8 Nb4
51.Bxg6 Rxd2  0-1

[Event "40th TCh-GRE 2012"]
[Site "Achaea GRE"]
[Date "2012.07.02"]
[Round "4.12"]
[White "Barbageorgopoulou,D"]
[Black "Makka,I"]
[Result "0-1"]
[WhiteElo "1754"]
[BlackElo "2149"]

1.Nf3 Nf6 2.d4 e6 3.c4 b6 4.g3 Ba6 5.Qc2 Bb7 6.Bg2 Bb4+ 7.Bd2 Bxd2+ 8.Nbxd2 c5
9.dxc5 bxc5 10.O-O Qc7 11.e4 e5 12.Qc3 Nc6 13.Rfe1 d6 14.Nb3 O-O 15.Nfd2 Nd7
16.Nf1 Rac8 17.Ne3 Nd4 18.Nd5 Bxd5 19.exd5 Rb8 20.Na5 Rb4 21.a3 Ra4 22.Nb3 Rb8
23.Nd2 Ra6 24.Rab1 Rab6 25.b4 cxb4 26.axb4 a5 27.Qd3 Rxb4 28.Rbc1 Nc5 29.Qe3 Rb2
30.Be4 Nxe4 31.Nxe4 Nc2 32.Rxc2 Rxc2 33.Nd2 h6 34.Ra1 Rbb2 35.Rd1 Qb6 36.Qxb6 Rxb6
37.Kf1 a4 38.Ke1 a3 39.Ra1 Rbb2  0-1

[Event "Stockholm Master Open 2012"]
[Site "Stockholm SWE"]
[Date "2012.07.02"]
[Round "7.10"]
[White "Olund,Joar"]
[Black "Fors,T"]
[Result "1/2-1/2"]
[WhiteElo "2178"]
[BlackElo "2059"]

1.d4 Nf6 2.c4 e6 3.Nf3 b6 4.g3 Ba6 5.b3 Bb4+ 6.Bd2 Be7 7.Nc3 d5 8.cxd5 exd5
9.Ne5 O-O 10.Bg2 c6 11.O-O Nfd7 12.Ng4 Nf6 13.Ne5 Nfd7 14.Nxd5 cxd5 15.Nxf7 Rxf7
16.Bxd5 Nc6 17.Bxc6 Rc8 18.Bd5 Nf6 19.Bxf7+ Kxf7 20.Rc1 Qxd4 21.Rxc8 Bxc8
22.Bf4 Qe4 23.f3 Bc5+ 24.Kh1 Qe6 25.Qd3  1/2-1/2

[Event "14th Torredembarra Open"]
[Site "Torredembarra ESP"]
[Date "2012.07.04"]
[Round "5.2"]
[White "Esplugas Esteve,V1"]
[Black "Pogorelov,R"]
[Result "1/2-1/2"]
[WhiteElo "2190"]
[BlackElo "2408"]

1.d4 Nf6 2.c4 e6 3.Nf3 b6 4.g3 Ba6 5.Qc2 Bb7 6.Bg2 Be4 7.Qd1 Bb4+ 8.Bd2 a5
9.O-O O-O 10.a3 Bxd2 11.Nbxd2 Bb7 12.b4 Qe7 13.b5 d6 14.Qc2 Nbd7 15.Rfd1 Rfe8
16.e3 Rab8 17.a4 e5 18.Nb3 exd4 19.exd4 Be4 20.Qd2 Qf8 21.Re1 h6 22.Rac1 Bh7
23.Qb2 Rxe1+ 24.Rxe1 Re8 25.Rc1 Ne4 26.Nfd2 Ndf6 27.c5 dxc5 28.dxc5 Nxd2
29.Nxd2 bxc5 30.Qc3  1/2-1/2

[Event "Mulhouse IM 2012"]
[Site "Mulhouse FRA"]
[Date "2012.07.05"]
[Round "5.3"]
[White "Lutz,B"]
[Black "Lerch,Pa"]
[Result "0-1"]
[WhiteElo "2310"]
[BlackElo "2391"]

1.d4 Nf6 2.c4 e6 3.Nf3 b6 4.g3 Ba6 5.Qc2 Bb4+ 6.Bd2 Bxd2+ 7.Nbxd2 O-O 8.Bg2 Nc6
9.O-O d6 10.Rfe1 Bb7 11.Qc3 a5 12.Rac1 Nb4 13.Qb3 c5 14.a3 a4 15.Qe3 Nc6
16.Red1 Qb8 17.h3 Re8 18.dxc5 bxc5 19.g4 e5 20.Ng5 Nd4 21.Nde4 Nxe4 22.Bxe4 h6
23.Bxb7 Qxb7 24.Ne4 Ra6 25.Rd2 Rb6 26.Rcd1 Re6 27.Nc3 Rxb2 28.Nxa4 Rxd2 29.Rxd2 f5
30.Rb2 Qa6 31.Rb8+ Kh7 32.gxf5 Rf6 33.Nb2 Nxf5 34.Qd3 Qa7 35.Rb3 Rg6+ 36.Kf1 Nd4
37.h4 Qa8  0-1

[Event "7th Wroclaw Open A"]
[Site "Wroclaw POL"]
[Date "2012.07.05"]
[Round "4.8"]
[White "Kaunas,K"]
[Black "Matuszewski,Mi"]
[Result "1/2-1/2"]
[WhiteElo "2247"]
[BlackElo "2366"]

1.d4 Nf6 2.c4 e6 3.Nf3 b6 4.g3 Ba6 5.Qa4 Bb7 6.Bg2 c5 7.dxc5 Bxc5 8.O-O O-O
9.Nc3 Be7 10.Bf4 Na6 11.Rfd1 Qc8 12.Ne5 Bxg2 13.Kxg2 Nc5 14.Qc2 Qb7+ 15.Kg1 Rfd8
16.b3 Rac8 17.Rd2 d6 18.Nf3 Nfe4 19.Nxe4 Nxe4 20.Rd3 b5 21.Nd2 e5 22.Be3 Nf6
23.Qd1 e4 24.Rd4 d5 25.cxd5 Bc5 26.Nxe4 Bxd4 27.Qxd4 Nxe4 28.Qxe4 Qxd5 29.Qxd5 Rxd5
30.Bxa7 b4 31.a4 bxa3 32.Rxa3 Rb5 33.Kg2 Ra8 34.f3 Rb7 35.Bc5 Rxa3 36.Bxa3 Rxb3
37.Bd6 f6 38.g4 Kf7 39.Kg3 Ke6 40.Bc5 Kd5 41.Bf8 g6 42.Bg7 Rb6 43.h4 Ke6
44.e4 Rb1 45.Bh6 Ke5 46.Be3 Rb2 47.Bc5 Rb5 48.Be3 Rb3 49.Bc5 Rc3 50.Ba7 Rc4
51.Be3 Kd6 52.g5 Ke6 53.gxf6 Kxf6 54.Bf4 Rb4 55.Bd6 Rb1 56.Bf4 Ke6 57.Be3 Kd6
58.Kg4 Rh1 59.Bd4 Kc6 60.Kg5 Kd7 61.Kg4 Kd6 62.Be3 Rf1 63.Bd4 Rb1 64.Kg5 Ke6
65.Kg4 Rb3 66.Kf4 Kd6 67.Kg4 Ke6  1/2-1/2

[Event "Werner-Ott-Open 2012"]
[Site "Berlin GER"]
[Date "2012.07.07"]
[Round "1.19"]
[White "Kambor,Joachim"]
[Black "Schneider,Ec"]
[Result "0-1"]
[WhiteElo "2086"]
[BlackElo "1794"]

1.d4 Nf6 2.c4 e6 3.Nf3 b6 4.g3 Ba6 5.b3 Bb4+ 6.Bd2 Be7 7.Bg2 d5 8.cxd5 exd5
9.O-O O-O 10.Nc3 c6 11.Qc2 Nbd7 12.Rad1 Rc8 13.Bg5 h6 14.Bxf6 Nxf6 15.Ne5 Bd6
16.Nd3 Re8 17.e3 Ne4 18.Qb2 Qe7 19.Nb1 c5 20.Rfe1 cxd4 21.Qxd4 Rc2 22.f3 Nf6
23.Qa4 Bxd3 24.Rxd3 Bc5 25.Kf1 Qe5 26.Nd2 Qb2 27.b4 Bxb4 28.Rb3 Qxa2 29.Qxa2 Rxa2
30.Rxb4 Rxd2 31.Ra1 Rxe3 32.Bh3 Rxh2 33.Bg2 Rh5 34.Rxa7 Rhe5 35.g4 Re1+ 36.Kf2 R5e2+
37.Kg3 Rg1 38.Rxb6 Rgxg2+ 39.Kf4 Rgf2 40.Rb8+ Re8 41.Rb3 Rfe2 42.Rbb7 Rf8
43.Ra6 Rd8 44.Raa7 d4 45.Rxf7 Ne8 46.Rfd7 Rxd7 47.Rxd7 Rd2 48.g5 hxg5+ 49.Kxg5 d3
50.Kg6 Rd1 51.Re7 Rg1+ 52.Kf5 Nd6+ 53.Kf4 g5+  0-1

[Event "Perla Baltyku Open 2012"]
[Site "Lazy POL"]
[Date "2012.07.07"]
[Round "8.17"]
[White "Kotlowski,T"]
[Black "Harazinska,Ewa"]
[Result "1/2-1/2"]
[WhiteElo "1988"]
[BlackElo "1933"]

1.d4 Nf6 2.Nf3 e6 3.c4 b6 4.g3 Ba6 5.b3 b5 6.cxb5 Bxb5 7.Bg2 Bb4+ 8.Bd2 Bxd2+
9.Nbxd2 d5 10.a4 Ba6 11.b4 O-O 12.O-O Nbd7 13.Rc1 Rb8 14.b5 Bb7 15.Qc2 Rc8
16.Nb3 c6 17.Nc5 cxb5 18.Nxb7 Rxc2 19.Nxd8 Rxc1 20.Rxc1 Rxd8 21.axb5 Rb8
22.Rc7 Rxb5 23.Rxa7 h6 24.Bf1 Rb1 25.Kg2 Rb2  1/2-1/2

[Event "4th Rethymno Open"]
[Site "Rethymno GRE"]
[Date "2012.07.08"]
[Round "2.3"]
[White "Le Huec,M1"]
[Black "Postny,E"]
[Result "0-1"]
[WhiteElo "2274"]
[BlackElo "2653"]

1.d4 Nf6 2.c4 e6 3.Nf3 b6 4.g3 Ba6 5.b3 b5 6.cxb5 Bxb5 7.Bg2 d5 8.O-O Nbd7
9.Nc3 Ba6 10.Re1 Bb4 11.Bd2 O-O 12.a3 Be7 13.b4 Bc4 14.Na4 Ne4 15.Nb2 Ba6
16.Rc1 Bd6 17.Bf4 Bb7 18.Nd3 g5 19.Bxd6 cxd6 20.Nd2 Nb6 21.Nxe4 dxe4 22.Nb2 f5
23.e3 a5 24.Qh5 axb4 25.axb4 Bd5 26.Rc2 Ra7 27.Rec1 Rg7 28.Bf1 f4 29.Be2 Kh8
30.Nc4 Nd7 31.Na5 Qf6 32.Bb5 e5 33.Bxd7 Rxd7 34.Rc7 fxg3 35.f4 Rxc7  0-1

[Event "34th Oberwart Open A"]
[Site "Oberwart AUT"]
[Date "2012.07.10"]
[Round "4.1"]
[White "Schreiner,Pe"]
[Black "Nemeth,Mi1"]
[Result "1/2-1/2"]
[WhiteElo "2427"]
[BlackElo "2447"]

1.Nf3 Nf6 2.d4 e6 3.c4 b6 4.g3 Ba6 5.b3 Bb4+ 6.Bd2 Be7 7.Bg2 d5 8.Nc3 O-O
9.cxd5 exd5 10.O-O Re8 11.Re1 Bb7 12.Rc1 Na6 13.Ne5 Ba3 14.Rb1 Ne4  1/2-1/2

[Event "9th South Wales Int"]
[Site "Penarth WLS"]
[Date "2012.07.10"]
[Round "5.7"]
[White "Horton,Ju"]
[Black "Leconte,M"]
[Result "1/2-1/2"]
[WhiteElo "2079"]
[BlackElo "2224"]

1.d4 Nf6 2.Nf3 e6 3.c4 b6 4.g3 Ba6 5.Qc2 d5 6.cxd5 exd5 7.Bg2 Bd6 8.O-O O-O
9.Nc3 c6 10.Ne5 Qe7 11.f4 Rc8 12.Re1 Bb4 13.Bd2 Bxc3 14.Bxc3 c5 15.Qd2 Bb7
16.e3 Na6 17.a3 Nc7 18.g4 Rd8 19.b4 Ne4 20.Bxe4 dxe4 21.bxc5 bxc5 22.Rab1 Bd5
23.g5 cxd4 24.Bxd4 Ne6 25.Qb4 Qxb4 26.Rxb4 a5 27.Rb6 a4 28.Rc1 Rac8  1/2-1/2

[Event "87th ch-Paris IdF Open"]
[Site "Paris FRA"]
[Date "2012.07.11"]
[Round "5.5"]
[White "Loiseau,Q"]
[Black "D'Costa,L"]
[Result "1/2-1/2"]
[WhiteElo "2314"]
[BlackElo "2434"]

1.d4 Nf6 2.c4 e6 3.Nf3 b6 4.g3 Ba6 5.Nbd2 c5 6.e4 cxd4 7.e5 Ng8 8.Bg2 Bb7
9.O-O d6 10.Nxd4 Qd7 11.Ne4 d5 12.cxd5 Bxd5 13.Nd6+ Bxd6 14.Bxd5 Bxe5 15.Nxe6 Nc6
16.Ng5 O-O-O 17.Bf3 Nd4 18.Be3 Nf6 19.Bxd4 Bxd4 20.Qe2 Rhe8 21.Qa6+ Kb8 22.Rfd1 Re7
23.Rac1 Qf5 24.Kg2 h6 25.Qa4 Qe5 26.Rc4 hxg5 27.Rdxd4 Rxd4 28.Rxd4 g4 29.Bc6 Qc7
30.Rc4 Qd6 31.Rd4 Qc7 32.b4 Re6 33.b5 Rd6 34.Qd1 Rxd4 35.Qxd4 Qe7 36.Qf4+ Kc8
37.h3 gxh3+ 38.Kxh3 Qe6+ 39.Kg2 Qxa2 40.Qd6 Qe6 41.Qf8+ Kc7 42.Qa8 Kd6 43.Qxa7 Nd5
44.Qb8+ Kc5 45.Qf8+  1/2-1/2

[Event "34th Oberwart Open A"]
[Site "Oberwart AUT"]
[Date "2012.07.12"]
[Round "6.11"]
[White "Neumeier,K"]
[Black "Izso,D"]
[Result "0-1"]
[WhiteElo "2248"]
[BlackElo "2331"]

1.d4 Nf6 2.c4 e6 3.Nf3 b6 4.g3 Ba6 5.b3 Bb4+ 6.Bd2 Be7 7.Bg2 c6 8.Bc3 d5
9.Ne5 Nfd7 10.Nxd7 Nxd7 11.Nd2 O-O 12.O-O Rc8 13.e4 b5 14.exd5 cxd5 15.c5 b4
16.Bxb4 Bxf1 17.Bxf1 e5 18.dxe5 Bxc5 19.Bxc5 Rxc5 20.f4 Qb6 21.Kh1 Rfc8 22.Nf3 Qc7
23.Bd3 Rc1 24.Rxc1 Qxc1 25.Qxc1 Rxc1+ 26.Kg2 Ra1 27.Kf2 Rxa2+ 28.Ke3 Nc5
29.Bf5 g6 30.Bc8 Rb2 31.Kd4 Rxb3 32.Ng5 Rd3+ 33.Kxc5 Rc3+ 34.Kxd5 Rxc8 35.g4 a5
36.f5 gxf5 37.gxf5 a4 38.e6 fxe6+ 39.Kxe6 a3 40.f6 Rc6+  0-1

[Event "87th ch-Paris IdF Open"]
[Site "Paris FRA"]
[Date "2012.07.13"]
[Round "7.8"]
[White "Loiseau,Q"]
[Black "Roser,K"]
[Result "1-0"]
[WhiteElo "2314"]
[BlackElo "2423"]

1.d4 Nf6 2.c4 e6 3.Nf3 b6 4.g3 Ba6 5.Nbd2 d5 6.Bg2 Be7 7.O-O O-O 8.b3 Bb7
9.cxd5 exd5 10.Bb2 a5 11.Ne5 Na6 12.Rc1 c5 13.Re1 Ne4 14.dxc5 Bxc5 15.Nxe4 dxe4
16.Nd7 Re8 17.Nxc5 Nxc5 18.Qd4 Ne6 19.Qe3 Nc5 20.Bd4 Rc8 21.a3 Qe7 22.Bh3 Rc7
23.b4 axb4 24.axb4 Na6 25.Bxb6 Rxc1 26.Rxc1 Qxb4 27.Bd7 Rb8 28.Bd4 Qe7 29.Ba4 Rd8
30.Bb2 h6 31.Qc3 Qg5 32.Rd1 Rxd1+ 33.Bxd1 e3 34.f4 Qg4 35.Bc2 Bc8 36.Qe5 Be6
37.f5 Bd7 38.Be4 Nb4 39.Bf3 Qg5 40.h4 Qf6 41.Qb8+  1-0